Obras completas de Sigmund Freud: Tomo XXI.

Bibliographic Details
Main Author: Freud, Sigmund 1856-1939
Format: Libro
Language:English
Published: Buenos Aires Losada 1997
Series:Biblioteca nueva 21
Subjects:
Online Access:

MARC

LEADER 00000cam a2200000 a 4500
001 001378
003 UAHC_CL
005 20170803115730.0
008 020524b xx j 000 1 eng
020 |a 9500377950 
040 |a UAHC_CL  |c UAHC_CL  |d UAHC_CL 
100 1 |a Freud, Sigmund  |d 1856-1939 
245 1 0 |a Obras completas de Sigmund Freud: Tomo XXI. 
260 |b Losada  |c 1997  |a Buenos Aires 
300 |a 208 p. 
490 0 |a Biblioteca nueva  |v 21 
505 0 |a CXLV. Inhibición, síntoma y angustia. CXLVI. La negación. CXLVII. LA significación ocultista del sueño. CXLVIII. Los límites de la interpretabilidad de los sueños. CXLIX. LA responsabilidad moral por el contenido de los sueños. CL. Algunas consecuencias psíquicas de la diferencia sexual anatómica. CLI. Psicoanálisis: escuela freudiana. CLII. Análisis profano (psicoanálisis y medicina). 
650 4 |a PSICOLOGIA  |x PSICOANALISIS 
900 |a 150.1952 FRE 
942 |c BK 
952 |0 0  |1 0  |4 0  |6 150_195200000000000_FRE  |7 0  |8 General  |9 3044  |a BC  |b BC  |c General  |d 2017-08-03  |l 1  |o 150.1952 FRE  |p 1323383  |r 2026-01-07 00:00:00  |s 2017-11-28  |t 1  |w 2017-08-03  |y BK 
952 |0 0  |1 0  |4 0  |6 150_195200000000000_FRE  |7 0  |8 General  |9 3045  |a BC  |b BC  |c General  |d 2017-08-03  |l 0  |o 150.1952 FRE  |p 1323384  |r 2026-01-07 00:00:00  |t 2  |w 2017-08-03  |y BK 
999 |c 1378  |d 1378